Every Song by Sunny Day Real Estate - Statistics

General Stats
  • This quiz has been taken 8 times
  • The average score is 21 of 47
Answer Stats
Album Song % Correct
Sunny Day Real Estate(1995) 5/4
100%
Diary(1994) 47
86%
Diary(Bonus)(1994) 8
86%
Sunny Day Real Estate(1995) 8
86%
Diary(1994) Seven
86%
Diary(1994) 48
71%
How It Feels to Be Something On(1998) How It Feels to Be Something On
71%
Diary(1994) In Circles
71%
The Rising Tide(2000) Killed by an Angel
71%
Diary(1994) Song About an Angel
71%
How It Feels to Be Something On(1998) The Shark's Own Private Fuck
71%
Sunny Day Real Estate(Bonus)(1995) Bucket of Chicken
57%
Sunny Day Real Estate(1995) Friday
57%
How It Feels to Be Something On(1998) Guitar and Video Games
57%
Sunny Day Real Estate(1995) Iscarabaid
57%
How It Feels to Be Something On(1998) Pillars
57%
Sunny Day Real Estate(1995) Red Elephant
57%
Sunny Day Real Estate(1995) Rodeo Jones
57%
Sunny Day Real Estate(1995) Theo B
57%
The Rising Tide(2000) The Rising Tide
57%
How It Feels to Be Something On(1998) 100 Million
43%
Diary(Bonus)(1994) 9
43%
How It Feels to Be Something On(1998) Every Shining Time You Arrive
43%
Diary(1994) Grendel
43%
Sunny Day Real Estate(1995) J'Nuh
43%
The Rising Tide(2000) The Ocean
43%
Sunny Day Real Estate(1995) Waffle
43%
How It Feels to Be Something On(1998) Days Were Golden
29%
The Rising Tide(2000) Disappear
29%
The Rising Tide(2000) Fool in the Photograph
29%
The Rising Tide(2000) One
29%
Diary(1994) Pheurton Skeurto
29%
How It Feels to Be Something On(1998) Roses in Water
29%
Diary(1994) Round
29%
Diary(1994) Shadows
29%
Diary(1994) Sometimes
29%
The Rising Tide(2000) Television
29%
Diary(1994) The Blankets Were the Stairs
29%
How It Feels to Be Something On(1998) The Prophet
29%
How It Feels to Be Something On(1998) Two Promises
29%
Non-Album(1993) Flatland Spider
14%
The Rising Tide(2000) Snibe
14%
Sunny Day Real Estate(Bonus)(1995) Spade and Parade
14%
The Rising Tide(2000) Tearing in My Heart
14%
Non-Album(1993) Thief Steal Me a Peach
14%
The Rising Tide(2000) Faces in Disguise
0%
The Rising Tide(2000) Rain Song
0%
No matching quizzes found
Score Distribution
Percent of People with Each Score
Percentile by Number Answered
Your Score History
You have not taken this quiz